10 Closest Capitals to Jamaica Quiz Stats

Quiz Updated Aug 16, 2016

Challenge
Share
Tweet
Embed
Score 0/10 Timer 04:00
0 Plays Today
Capital % Correct
Havana, Cuba
95.4%
Port-au-Prince, Haiti
85%
Santo Domingo, Dominican Republic
74.3%
Nassau, Bahamas
70.5%
Panama City, Panama
62.7%
San José, Costa Rica
57.9%
Belmopan, Belize
56.3%
Managua, Nicaragua
54.7%
Tegucigalpa, Honduras
51.4%
Caracas, Venezuela
51.1%

You're not logged in!

Compare scores with friends on all Sporcle quizzes.
Sign Up with Email
OR
Log In

You Might Also Like...

Show Comments

Extras

Top Quizzes Today


Score Distribution

Your Account Isn't Verified!

In order to create a playlist on Sporcle, you need to verify the email address you used during registration. Go to your Sporcle Settings to finish the process.